00381nam a2200133Ia 4500008004100000020001800041041000800059082001300067100001900080245009000099250001200189260002900201300001700230220530s9999 xx 000 0 und d a9780749469368 aeng a823bCAL aCalpan, Janice aStrategic Talent DevelopmentbDevelop and Engage all your People for Business Success a1st Ed. aLondonbKogan Pagec2013 aIX;244P.bPB